000 00435nam a2200157Ia 4500
003 GCL
008 140319s9999 xx 000 0 eng d
040 _aGCL /
_cGCL
082 0 4 _a511.33
_bR O
100 1 _aRAISINGHANIA, M.D.
245 1 0 _aORDINARY AND PARTIAL DIFFERENTIAL EQUATIONS /
_cRAISINGHANIA, M.D.
260 _a[S.N] :
_bS. CHAND & COMPANY LTD ،
_c1993
650 0 4 _aMATHEMATICS
650 0 4 _aEQUATIONS
942 _2ddc
_cBK
999 _c19767
_d19767